| 000 | 00000nam 2200000za 4500 |
| 001 | 9.846624 |
| 003 | CaOODSP |
| 005 | 20241203113640 |
| 007 | cr ||||||||||| |
| 008 | 171106s1997 onc fo f100 0 eng d |
| 040 | |aCaOODSP|beng |
| 043 | |an-cn-on|af-ug--- |
| 086 | 1 |aEn13-5/97-120E-PDF |
| 100 | 1 |aHecky, R. E. |
| 245 | 10|aEnvironmental problems of Lake Victoria in relation to human activities |h[electronic resource] : |blessons from another great lake / |cby R.E. Hecky. |
| 260 | |aBurlington, Ont. : |bEnvironment Canada, Water Science and Technology Directorate, |c1997. |
| 300 | |a7 p. |
| 490 | 1 |aNWRI contribution ; |v97-120 |
| 500 | |a"Presented as keynote address at: Towards Sustainable Development and Management of the Lake Victoria Basin: A Regional Workshop Sponsord by the European Union and the International Development Research Centre, 21 April 1997, Jinja, Uganda". |
| 500 | |aDigitized edition from print [produced by Environment and Climate Change Canada]. |
| 520 | 0 |aCompares Lake Victoria with Lake Erie, discussing fisheries, eutrophication and response to change. |
| 692 | 07|2gccst|aLakes |
| 692 | 07|2gccst|aWater management |
| 710 | 1 |aCanada. |bEnvironment Canada. |
| 710 | 2 |aNational Water Research Institute (Canada) |
| 711 | 2 |aTowards Sustainable Development and Management of the Lake Victoria Basin : A Regional Workshop |d(1997 : |cJinja, Uganda) |
| 830 | #0|aNWRI contribution ;|vno. 97-120|w(CaOODSP)9.844121 |
| 856 | 40|qPDF|s874 KB|uhttps://publications.gc.ca/collections/collection_2017/eccc/En13-5-97-120-eng.pdf |